Warfare and waves : (Record no. 38332)
[ view plain ]
| 000 -LEADER | |
|---|---|
| fixed length control field | 01999cam a22002537i 4500 |
| 020 ## - INTERNATIONAL STANDARD BOOK NUMBER | |
| ISBN | 9781498226219 (paperback) |
| 041 ## - LANGUAGE CODE | |
| Language code of text/sound track or separate title | eng. |
| 082 04 - DEWEY DECIMAL CLASSIFICATION NUMBER | |
| Classification number | 283 |
| Item number | HER-W |
| 100 1# - MAIN ENTRY--AUTHOR NAME | |
| Personal name | Herriot, Peter |
| Relator term | author. |
| 245 10 - TITLE STATEMENT | |
| Title | Warfare and waves : |
| Sub Title | Calvinists and Charismatics in the Church of England / |
| Statement of responsibility, etc | Peter Herriot. |
| 260 ## - PUBLICATION, DISTRIBUTION, ETC. (IMPRINT) | |
| Place of publication | Oregon : |
| Name of publisher | Pickwick, |
| Year of publication | 2015. |
| 300 ## - PHYSICAL DESCRIPTION | |
| Number of Pages | xi, 208p. |
| 504 ## - BIBLIOGRAPHY, ETC. NOTE | |
| Bibliography, etc | Includes bibliographical references (pages 195-199) and index. |
| 520 ## - SUMMARY, ETC. | |
| Summary, etc | Why is the Church of England perceived by many as homophobic, misogynist, or just plain weird? Because two movements within it, the Calvinists and the Charismatics, have recently achieved a degree of influence disproportionate to their numerical strength. The Calvinists have played the media and ecclesiastical politics games with skill and determination, while sternly identifying themselves as guardians of the one true Reformed doctrine. The Charismatics have taken a different approach, embracing many elements of late-modern culture while retaining a distinctly premodern worldview. Peter Herriot argues that to recover from the opportunity costs and reputational damage that it has suffered at their hands, the Church of England must seize back the agenda from the Calvinists and face outwards rather than inwards. In its efforts to come to terms with globalization, the church's leadership will need to sideline the Calvinists and encourage the Charismatics with their recently increased social involvement. Written by a social psychologist, Warfare and Waves is full of detailed case studies that give a vivid insight into the organizational structures and subcultures of these two very different evangelical movements. |
| 546 ## - LANGUAGE NOTE | |
| Language note | English. |
| 650 #0 - SUBJECT ADDED ENTRY--TOPICAL TERM | |
| Topical Term | Evangelicalism |
| General subdivision | Church of England. |
| 650 #0 - SUBJECT ADDED ENTRY--TOPICAL TERM | |
| Topical Term | Calvinism. |
| 650 #0 - SUBJECT ADDED ENTRY--TOPICAL TERM | |
| Topical Term | Pentecostalism. |
| 650 #0 - SUBJECT ADDED ENTRY--TOPICAL TERM | |
| Topical Term | Calvinism |
| General subdivision | Relations |
| -- | Church of England. |
| 650 #7 - SUBJECT ADDED ENTRY--TOPICAL TERM | |
| Topical Term | Calvinism. |
| 650 #7 - SUBJECT ADDED ENTRY--TOPICAL TERM | |
| Topical Term | Interfaith relations. |
| 650 #7 - SUBJECT ADDED ENTRY--TOPICAL TERM | |
| Topical Term | Pentecostalism. |
| 942 ## - ADDED ENTRY ELEMENTS (KOHA) | |
| Source of classification or shelving scheme | Dewey Decimal Classification |
| Koha item type | Books |
| Withdrawn status | Lost status | Damaged status | Not for loan | Home library | Current library | Date acquired | Source of acquisition | Cost, normal purchase price | Full call number | Accession Number | Cost, replacement price | Price effective from | Koha item type |
|---|---|---|---|---|---|---|---|---|---|---|---|---|---|
| NASSDOC Library | NASSDOC Library | 16/03/2023 | Overseas | 0.00 | 283 HER-W | 52628 | 0.00 | 11/05/2023 | Books |
